| 000 | 01358nam a2200349 i 4500 | ||
|---|---|---|---|
| 003 | EG-GICUC | ||
| 005 | 20260121101723.0 | ||
| 008 | 260113s2009 ua ||||fr|||| 001 0 ara d | ||
| 017 | _a2009/8821 | ||
| 020 | _a9789770460781 | ||
| 040 |
_a EG-GICUC _bara _c EG-GICUC _d EG-GICUC _erda |
||
| 041 | _aara | ||
| 082 | 0 | 4 |
_a343.425 _bط ا . ج _221 |
| 092 | 0 | 4 | _221 |
| 099 | _aLaw1 10 343.425 ط ا . ج ed 1 - 2009 1006361 | ||
| 100 | 0 |
_aطارق سرور. _eمؤلف. |
|
| 245 | 1 | 0 |
_aجرائم النشر والإعلام : _bذاتية الخصومة الجنائية. _nالجزء الثاني، _pالأحكام الإجرائية / _cالدكتور طارق سرور. |
| 250 | _aالطبعة الأولى، | ||
| 264 | 1 |
_aالقاهرة : _bدار النهضة العربية، _c2009. |
|
| 300 |
_a279 صفحة ؛ _c24 سم. |
||
| 336 |
_2rda content _atext |
||
| 337 |
_2rda media _aComputer |
||
| 338 |
_2rda carrier _aOnline Resource |
||
| 504 | _aيشتمل على ارجاعات ببليوجرافية. | ||
| 546 | _aالنص باللغة العربية | ||
| 650 | 1 |
_aالتشريعات المتعلقة بالصحافة. _2qrmak |
|
| 650 | 1 |
_aالتشريعات الجنائية الخاصة. _2qrmak |
|
| 651 | 1 | _2qrmak | |
| 856 | 4 | 0 | _uhttps://fll.law.cu.edu.eg/fulltext/bks/B10-06361.pdf |
| 905 | _a18 | ||
| 942 |
_2ddc _n0 _cBK _e21 |
||
| 999 |
_c56806 _d56806 |
||